| 000 | 00712cam a2200265Ia 4500 | ||
|---|---|---|---|
| 001 | 13583603 | ||
| 003 | SIRSI | ||
| 005 | 20190507094303.0 | ||
| 008 | 860517s1935 enk 000 0 eng d | ||
| 010 | _vAAA-5553 | ||
| 035 | _a(Sirsi) o13583603 | ||
| 035 | _a(Sirsi) 01-AAA-5244 | ||
| 036 | _au5236 | ||
| 040 |
_aGFC _cGFC _dTSW |
||
| 049 |
_aTSWB _c1 |
||
| 090 |
_aBV2060 _b.C2 |
||
| 100 | 1 | _aCable, Mildred. | |
| 245 | 1 | 0 |
_aAmbassadors for Christ / _cby Mildred Cable and Francesca French. |
| 260 |
_aLondon : _bHodder and Stoughton, Ltd., _c1935. |
||
| 300 |
_a158 p. ; _c19 cm. |
||
| 650 | 0 | _aMissions. | |
| 650 | 0 | _aMissionaries. | |
| 700 | 1 |
_aFrench, Francesca, _d1871-1960. |
|
| 945 | _aBV2060 .C2 | ||
| 999 |
_c46341 _d46341 |
||